|
|
|
|
| LEADER |
00000cam a2200000 7i4500 |
| 001 |
0000082780 |
| 005 |
20190228.0 |
| 008 |
190228 |
| 020 |
|
|
|a 9789675534539
|
| 041 |
0 |
|
|a Malay
|
| 090 |
0 |
0 |
|a 808.882
|b HIL
|
| 245 |
1 |
0 |
|a Hilangnya sinar mentari :
|b antara peluang dan harapan
|c kata pengantar: Prof Dato' Dr Mohd Zambri Zainuddin, Prof Dr Susiknan Azhari
|
| 260 |
|
|
|a Kuala Lumpur :
|b Program Astronomi Islam ,
|c 2016
|
| 300 |
|
|
|a 251p. ;
|c 18.9cm.
|
| 541 |
0 |
0 |
|c Purchased on 2018
|f 2018/11 IBZ
|h RM25.00
|
| 650 |
|
0 |
|a Anecdotes
|
| 700 |
0 |
|
|a Prof Dr Susiknan Azhari
|
| 999 |
|
|
|a 0001549431
|b Book
|c Adult Collection
|e Cawangan Bandar Penawar
|
| 999 |
|
|
|a 0001549432
|b Book
|c Adult Collection
|e Cawangan Mersing
|
| 999 |
|
|
|a 0001549433
|b Book
|c Adult Collection
|e Cawangan Kota Tinggi
|
| 999 |
|
|
|a 0001549434
|b Book
|c Adult Collection
|e Cawangan Sri Merlong
|
| 999 |
|
|
|a 0001549435
|b Book
|c Adult Collection
|e Cawangan Muar
|
| 999 |
|
|
|a 0001549436
|b Book
|c Adult Collection
|e Cawangan Segamat
|
| 999 |
|
|
|a 0001549437
|b Book
|c Adult Collection
|e Cawangan Bandar Tenggara
|
| 999 |
|
|
|a 0001549438
|b Book
|c Adult Collection
|e Cawangan Bukit Gambir
|
| 999 |
|
|
|a 0001549439
|b Book
|c Adult Collection
|e Cawangan Taman Sri Lambak
|
| 999 |
|
|
|a 0001549440
|b Book
|c Adult Collection
|e Cawangan Pontian
|
| 999 |
|
|
|a 0001549441
|b Book
|c Adult Collection
|e Cawangan Tangkak
|
| 999 |
|
|
|a 0001549442
|b Book
|c Adult Collection
|e Cawangan Batu Pahat
|
| 999 |
|
|
|a 0001549443
|b Book
|c Adult Collection
|e Cawangan Tmn. Ungku Tun Aminah
|
| 999 |
|
|
|a 0001549652
|b Book
|c Adult Collection
|e Perbadanan Perpustakaan Awam Johor
|
| 999 |
|
|
|a 0001549653
|b Book
|c Adult Collection
|e Perbadanan Perpustakaan Awam Johor
|
| 999 |
|
|
|a 0001549654
|b Book
|c Adult Collection
|e Cawangan Urban Transformation Centre
|
| 999 |
|
|
|a 0001549655
|b Book
|c Adult Collection
|e Cawangan AEON Kulaijaya
|